| 000 | 00437nam a22001817a 4500 | ||
|---|---|---|---|
| 003 | MPLRDC | ||
| 005 | 20220104143612.0 | ||
| 008 | 210129b ||||| |||| 00| 0 eng d | ||
| 020 | _a7-5339-0935-6 | ||
| 082 | _a848.2 YGZ-28 | ||
| 100 | _a余光中 | ||
| 245 |
_a余光中散文 _c |
||
| 250 | _a第一版 | ||
| 260 |
_a中国 _b浙江文艺出版社 _c1997 |
||
| 300 | _b平 | ||
| 650 | _a现代别集 | ||
| 942 |
_cBK _o848.2 YGZ-28 |
||
| 999 |
_c41509 _d41499 |
||